| 000 | 00623aam a2200253 4500 | ||
|---|---|---|---|
| 005 | 20240531100325.0 | ||
| 008 | 150526b xxu||||| |||| 00| 0 spa d | ||
| 020 | _a9788496424494 | ||
| 041 | _aESP | ||
| 082 | _a747 K91g | ||
| 100 | _aKrauel, Jacobo | ||
| 245 | _aGreat spaces, interiores domésticos | ||
| 260 | _aEspaña | ||
| 260 | _bLinksbook | ||
| 260 | _c2006 | ||
| 300 | _a191 páginas | ||
| 650 | _aDECORACIÓN DE INTERIORES | ||
| 650 | _aARQUITECTURA | ||
| 650 | _aMATERIALES DE CONSTRUCCIÓN | ||
| 650 | _aVIVIENDAS | ||
| 650 | _aDISTRIBUCIÓN DE ESPACIOS | ||
| 942 |
_cBK _2ddc |
||
| 999 |
_c2304 _d2304 |
||